Ross and Wilson Anatomy and Physiology in Health and Illness (Record no. 8420)

MARC details
000 -LEADER
fixed length control field 00344nam a2200121Ia 4500
008 - FIXED-LENGTH DATA ELEMENTS--GENERAL INFORMATION
fixed length control field 191201s2018 xx 000 0 und d
100 ## - MAIN ENTRY--PERSONAL NAME
Personal name WAUGH, Anne
245 #0 - TITLE STATEMENT
Title Ross and Wilson Anatomy and Physiology in Health and Illness
260 ## - PUBLICATION, DISTRIBUTION, ETC. (IMPRINT)
Name of publisher, distributor, etc Elsevier
Place of publication, distribution, etc New Delhi
Date of publication, distribution, etc 2018
300 ## - PHYSICAL DESCRIPTION
Extent 560
650 ## - SUBJECT ADDED ENTRY--TOPICAL TERM
Topical term or geographic name as entry element Human Anatomy & Physiology
942 ## - ADDED ENTRY ELEMENTS (KOHA)
Source of classification or shelving scheme Dewey Decimal Classification
Koha item type Text Books
942 ## - ADDED ENTRY ELEMENTS (KOHA)
-- 49
Holdings
Withdrawn status Lost status Source of classification or shelving scheme Damaged status Not for loan Collection code Home library Current library Date acquired Source of acquisition Cost, normal purchase price Bill Number Total Checkouts Full call number Acc. no. / Barcode Date last seen Date last borrowed Actual Cost, discounted price Bill Date Koha item type Shelving location Checked out
    Dewey Decimal Classification     Diploma in Pharmacy PIET C-LIBRARY PIET C-LIBRARY 03/09/2019 Kirti Prakashan 1160.00 IN4776 46 612 ROA DP840 14/07/2025 04/07/2025 812.00 03/09/2019 Text Books    
    Dewey Decimal Classification     Diploma in Pharmacy PIET C-LIBRARY PIET C-LIBRARY 03/09/2019 Kirti Prakashan 1160.00 IN4776 10 612 ROA DP841 05/06/2026 05/06/2026 812.00 03/09/2019 Text Books Ref. Sec. R03 19/06/2026
    Dewey Decimal Classification     Diploma in Pharmacy PIET C-LIBRARY PIET C-LIBRARY 03/09/2019 Kirti Prakashan 1160.00 IN4776 54 612 ROA DP842 03/06/2026 20/05/2026 812.00 03/09/2019 Text Books    
    Dewey Decimal Classification     Diploma in Pharmacy PIET C-LIBRARY PIET C-LIBRARY 03/09/2019 Kirti Prakashan 1160.00 IN4776 14 612 ROA DP843 07/07/2022 07/07/2022 812.00 03/09/2019 Text Books   21/07/2022

Design & Developed by: PIET Central Library
R70 Miles Stone Pattikalyana Samalkha Panipat 132102
mail ID :- [email protected], Phone No:- 0180-2569700 Ex.216